000
00410nam a2200145Ia 4500
008
090124s9999 xx 000 0 und d
082
_b
300023
245
_a
गोळवलकर गुरुजी
250
_a
1
260
_b
जय-कौशिक
_c
1973
300
_a
40
630
_a
गोळवलकर गुरुजी
730
_a
गोळवलकर गुरुजी
942
_c
BOOK
999
_c
189579
_d
189579